书目信息 |
| 题名: |
空气质量监测培训教程
|
|
| 作者: | 董施展 , 张志旭 , 邢启飞 主编 | |
| 分册: | ||
| 出版信息: | 南昌 江西科学技术出版社 2021.1 |
|
| 页数: | 270页 | |
| 开本: | 21cm | |
| 丛书名: | ||
| 单 册: | ||
| 中图分类: | X831 | |
| 科图分类: | ||
| 主题词: | 环境空气质量--空气污染监测--教材 | |
| 电子资源: | ||
| ISBN: | 978-7-5390-6965-4 | |
| 000 | 01080nam0 2200253 45 | |
| 001 | 012001002079 | |
| 005 | 20140913102209.0 | |
| 010 | @a978-7-5390-6965-4@dCNY36.00 | |
| 100 | @a20200507d2019 em y0chiy50 ea | |
| 101 | 0 | @achi |
| 102 | @aCN@b360000 | |
| 105 | @ay z 000yy | |
| 106 | @ar | |
| 200 | 1 | @a空气质量监测培训教程@Akong qi zhi liang jian ce pei xun jiao cheng@b专著@f董施展,张志旭,邢启飞主编 |
| 210 | @a南昌@c江西科学技术出版社@d2021.1 | |
| 215 | @a270页@d21cm | |
| 330 | @a本书介绍了环境空气和空气污染源监测方面的基本概念,也介绍了酸雨的相关内容,主要针对环境监测岗位的工人,更侧重于实际操作技能的培训和考核。主要知识点包括:空气监测方案制定方面的基本概念和知识,空气的采样方法和采样仪器,常用的分析测试方法和大型仪器设备。还介绍了空气质量自动监测系统以及酸沉降和监测数据质量保证措施等内容。 | |
| 606 | 0 | @a环境空气质量@x空气污染监测@j教材 |
| 690 | @aX831@v5 | |
| 701 | 0 | @a董施展@Adong shi zhan@4主编 |
| 701 | 0 | @a张志旭@Azhang zhi xu@4主编 |
| 701 | 0 | @a邢启飞@Axing qi fei@4主编 |
| 801 | 0 | @aCN@bBJSDL@c20211011 |
| 905 | @b1338357-60@dX831@e353@f4 | |
| 空气质量监测培训教程/董施展,张志旭,邢启飞主编.-南昌:江西科学技术出版社,2021.1 |
| 270页;21cm |
| ISBN 978-7-5390-6965-4:CNY36.00 |
| 本书介绍了环境空气和空气污染源监测方面的基本概念,也介绍了酸雨的相关内容,主要针对环境监测岗位的工人,更侧重于实际操作技能的培训和考核。主要知识点包括:空气监测方案制定方面的基本概念和知识,空气的采样方法和采样仪器,常用的分析测试方法和大型仪器设备。还介绍了空气质量自动监测系统以及酸沉降和监测数据质量保证措施等内容。 |
| ● |
| 相关链接 |
|
|
|
|
正题名:空气质量监测培训教程
索取号:X831/353
 
预约/预借
| 序号 | 登录号 | 条形码 | 馆藏地/架位号 | 状态 | 备注 |
| 1 | 1338357 | 213383578 | 第二样本阅览室/ [索取号:X831/353] | 在馆 | |
| 2 | 1338358 | 213383587 | 第三借阅区/ [索取号:X831/353] | 在馆 | |
| 3 | 1338359 | 213383596 | 第三借阅区/ [索取号:X831/353] | 在馆 | |
| 4 | 1338360 | 213383603 | 第三借阅区/ [索取号:X831/353] | 在馆 |